E-World Computer -VI (Record no. 10416)

MARC details
000 -LEADER
fixed length control field 00259nam a22000977a 4500
008 - FIXED-LENGTH DATA ELEMENTS--GENERAL INFORMATION
fixed length control field 180216b ||||| |||| 00| 0 eng d
020 ## - INTERNATIONAL STANDARD BOOK NUMBER
International Standard Book Number 9788131756546
100 ## - MAIN ENTRY--PERSONAL NAME
Personal name Kumar, A
9 (RLIN) 6361
245 ## - TITLE STATEMENT
Title E-World Computer -VI
260 ## - PUBLICATION, DISTRIBUTION, ETC. (IMPRINT)
Place of publication, distribution, etc. New delhi
Name of publisher, distributor, etc. Pearson Publication
Date of publication, distribution, etc. 2011
Holdings
Withdrawn status Lost status Source of classification or shelving scheme Damaged status Koha normalized classification for sorting Not for loan Home library Current library Shelving location Date acquired Total Checkouts Full call number Barcode Date last seen Price effective from Koha item type
    Dewey Decimal Classification   KUM_004_000000000000000_D8   Good Samaritan School Library Good Samaritan School Library Computer Science 02/16/2018   KUM004 D-8 KUM12863 02/16/2018 02/16/2018 BOOK

Powered by Koha